Normal view
MARC view
- El-Hawary, Mohamed.E, Mohamed E.El-Hawary
Entry Personal Name
001 - CONTROL NUMBER
- control field: 64459
003 - CONTROL NUMBER IDENTIFIER
- control field: NUST
005 - DATE AND TIME OF LATEST TRANSACTION
- control field: 20210628203257.0
008 - FIXED-LENGTH DATA ELEMENTS
- fixed length control field: 210628|| aca||aabn | a|a d
040 ## - CATALOGING SOURCE
- Original cataloging agency: NUST
- Transcribing agency: NUST
100 ## - HEADING--PERSONAL NAME
- Personal name: El-Hawary, Mohamed.E, Mohamed E.El-Hawary
670 ## - SOURCE DATA FOUND
- Source citation: Work cat.: (NUST): El-Hawary, Mohamed.E, Mohamed E.El-Hawary, Introduction to electrical power systems, 2008
